|
|
|
|
| LEADER |
00589 a2200145 4500 |
| 008 |
100208b ||||| |||| 00| 0 eng d |
| 082 |
|
|
|a 338.40954
|
| 100 |
|
|
|a India. Central Statistical Organisation
|
| 245 |
|
|
|a Annual survey of industries 1973 - 74 :
|b census sector /
|
| 260 |
|
|
|b Controller of publications,
|a Delhi:
|c 1982.
|
| 500 |
|
|
|a UGC allot of Rs. 25,000
|
| 650 |
|
|
|a Industrial surveys-India
|
| 942 |
|
|
|c REF
|
| 999 |
|
|
|c 314103
|d 314103
|
| 952 |
|
|
|0 0
|1 0
|2 ddc
|4 0
|6 338_409540000000000_IND_A
|7 0
|9 360203
|a ECN
|b ECN
|c REF
|d 2010-09-07
|g 0.00
|i 4613
|l 0
|o 338.40954 IND/A
|p ECN4613
|r 2010-09-07
|w 2010-09-07
|y REF
|